000 00545nam a22001817a 4500
005 20251108164730.0
008 250721s1981 xx 000 0 ara d
082 1 4 _a615.1/عبد
100 1 _aالروابدة، عبد الرؤوف
245 1 0 _aالوجيز في علم الدواء /
246 1 1 _aAn Outline Of pharmacology
264 1 _aعمان :
_bكلية المجتمع الأردني،
_c1981.
300 _a302ص : كشاف
650 1 7 _aعلم الصيدلة
650 1 7 _aالأدوية
942 _2ddc
_cBK
999 _c12964
_d12964